header

Learn Microsoft Visual C++ 6.0 Now (Record no. 252090)

MARC details
000 -LEADER
fixed length control field 00547nam a22001817a 4500
003 - CONTROL NUMBER IDENTIFIER
control field OSt
005 - DATE AND TIME OF LATEST TRANSACTION
control field 20230907113019.0
008 - FIXED-LENGTH DATA ELEMENTS--GENERAL INFORMATION
fixed length control field 230907b xxu||||| |||| 00| 0 eng d
010 ## - LIBRARY OF CONGRESS CONTROL NUMBER
LC control number 98052133
020 ## - INTERNATIONAL STANDARD BOOK NUMBER
International Standard Book Number 1572319658
040 ## - CATALOGING SOURCE
Original cataloging agency DLC
Transcribing agency DLC
Modifying agency DLC
050 ## - LIBRARY OF CONGRESS CALL NUMBER
Classification number QA76.73.C153
Item number S694 1999
100 ## - MAIN ENTRY--PERSONAL NAME
Personal name Sphar, Chuck,
Dates associated with a name 1947-
245 ## - TITLE STATEMENT
Title Learn Microsoft Visual C++ 6.0 Now
260 ## - PUBLICATION, DISTRIBUTION, ETC. (IMPRINT)
Date of publication, distribution, etc Redmond, WA :
Place of publication, distribution, etc Microsoft Press,
Name of publisher, distributor, etc c1999.
300 ## - PHYSICAL DESCRIPTION
Extent xxxii, 637 p. :
Other physical details ill. ;
Dimensions 24 cm.
Accompanying material + 1 computer laser optical disc (4 3/4 in.)
942 ## - ADDED ENTRY ELEMENTS (KOHA)
Koha item type Long Loan Books
Source of classification or shelving scheme Library of Congress Classification
Holdings
Withdrawn status Lost status Damaged status Not for loan Collection code Home library Current library Shelving location Date acquired Total Checkouts Full call number Barcode Date last seen Date checked out Koha item type
        Non-fiction Rongo University Library Rongo University Library General Stacks 09/05/2016 2 QA76.73.C153S694 1999 20168596 11/10/2019 12/10/2017 Long Loan Books

© 2026 Rongo University
Contact us: librarian | system librarian | Rongo university